Statistics for Top 100 Girls Names - France (2021)

Click here to take the quiz!

General Stats

  • This quiz has been taken 35 times
  • The average score is 39 of 100

Answer Stats

Answer% Correct
11Lina
97%
3Emma
87%
12Lou
87%
6Rose
83%
46Sarah
83%
41Charlotte
80%
7Anna
77%
92Marie
77%
22Zoé
77%
96Elise
73%
16Léa
73%
2Louise
73%
13Julia
70%
14Chloé
67%
67Ella
67%
40Sofia
67%
5Alice
63%
1Jade
63%
20Juliette
63%
60Clara
60%
33Lola
60%
32Olivia
60%
64Lily
57%
34Victoria
57%
39Camille
53%
62Gabrielle
53%
35Lucie
53%
28Luna
53%
10Mia
53%
26Eva
50%
23Jeanne
50%
77Maria
50%
81Alicia
47%
86Amélia
47%
68Lana
47%
27Mila
47%
19Nina
47%
30Victoire
47%
49Manon
43%
80Mathilde
43%
29Adèle
40%
53Ava
40%
100Joséphine
40%
94Léana
40%
71Lila
40%
45Margot
40%
78Maya
40%
89Anaïs
37%
57Clémence
37%
31Inès
37%
76Lise
37%
4Ambre
33%
25Charlie
33%
90Diane
33%
15Léna
33%
85Valentine
33%
54Elena
30%
87Héloïse
30%
97Noémie
30%
9Romy
30%
56Théa
30%
17Agathe
27%
74Maëlys
27%
36Margaux
27%
63Yasmine
27%
8Alba
23%
73Céleste
23%
95Célia
23%
93Emmy
23%
98Garance
23%
18Iris
23%
88Lilou
23%
47Louna
23%
91Maëlle
23%
42Alix
20%
83Constance
20%
51Emy
20%
37Romane
20%
82Thaïs
20%
70Zélie
20%
69Assia
17%
52Capucine
17%
79Joy
17%
66Livia
17%
50Lya
17%
84Salomé
17%
55Alma
13%
59Aya
13%
48Mya
13%
58Alya
10%
65Apolline
10%
38Giulia
10%
24Léonie
10%
43Nour
10%
72Albane
7%
21Inaya
7%
44Lyana
7%
61Lyna
7%
75Roxane
7%
99Nelya
3%

Score Distribution

Percentile by Number Answered

Percent of People with Each Score

Your Score History

You have not taken this quiz